000 01696nam0a2200349 4500
001 RU\NLR\bibl\85407
005 20260407083105.0
010 _a5-7995-0112-8
_9130
021 _aRU
_b2000-4503
_9228
035 _a(NLR Aleph) 000083418
090 _a465382
_c465382
100 _a20000512d1999 |||y0rusy50 ca
101 0 _arus
102 _aRU
105 _aa |||||||||
200 1 _aИзготовление, восстановление и упрочнение металлорежущего инструмента
_eСб. науч. тр.
_fМ-во образования Рос. Федерации, Твер. гос. техн. ун-т
_g[Отв. ред. д.т.н., проф. Н.С.Зубков]
210 _aТверь
_cИзд-во Твер. гос. техн. ун-та
_d1999
215 _a53 с.
_cил.
_d20
320 _aБиблиогр. в конце ст.
606 0 _aМеталлорежущие инструменты
_jСборники
_xПроизводство
_91113392
_3RU\NLR\auth\66440100
606 0 _aМеталлорежущие инструменты
_jСборники
_xВосстановление
_92167828
_3RU\NLR\auth\661304226
606 0 _aМеталлорежущие инструменты
_jСборники
_xУпрочнение
_91562920
_3RU\NLR\auth\66683860
686 _aК63-56-083я43
686 _aК722.536я43
702 1 _aЗубков
_bН. С.
_4340
711 0 2 _aТверской государственный технический университет
_9291090
_3RU\NLR\AUTH\889303
801 0 _aRU
_bNLR
_c20000512
_gPSBO
801 1 _aRU
_bNLR
_c20000512
852 _aNLR
_j2000-4/1384
942 _cBOOK
980 _aNB